Missing Word: Mysteries Quiz Stats

 Plays Quiz Updated May 22, 2012

Support Sporcle.
Go Orange.
Score 0/30 Timer 03:00
0 Plays Today
Book Missing Word % Correct
The ___ of the LambsSilence
95.5%
Crime and ___Punishment
89.1%
Murder on the ___ ExpressOrient
86.6%
The ___ of the BaskervillesHound
84.1%
In ___ BloodCold
79.8%
The ___ FalconMaltese
79.3%
Strangers on a ___Train
72.2%
___ IndemnityDouble
69.8%
Anatomy of a ___Murder
69.3%
The ___ SleepBig
61.8%
___ in a Blue DressDevil
58.5%
The ___ in WhiteWoman
52.7%
The Thirty-Nine ___Steps
51.8%
The Murders in the Rue ___Morgue
47.9%
One for the ___Money
47.9%
Book Missing Word % Correct
Strip __Tease
39%
___ InnocentPresumed
38.7%
The ___ of the RoseName
35.1%
The Mystery of ___ DroodEdwin
35%
The First ___ SinDeadly
30.3%
A Is for ___Alibi
25.7%
___ of the BaileyRumpole
19.8%
The ___ ManThird
13.9%
I, the ___Jury
13.1%
The Secret of Father ___Brown
12%
Strong ___Poison
5.4%
The ___ of Eddie CoyleFriends
4.4%
The ___ at the Bottom of the PieSweetness
4%
The ___ of TimeDaughter
3.3%
___ for a NightingaleShroud
2.7%

Today's Daily Dose

You're not logged in!

Compare scores with friends on all Sporcle quizzes.
OR
Log In

From the Vault

TV Shows Putting on a Show!

by Purple_Parrot

Who better to put on a show than a show?
Remove Ads.
Support Sporcle.
Get the best of Sporcle when you Go Orange. This ad-free experience offers more features, more stats, and more fun while also helping to support Sporcle. Thank you for becoming a member.

Show Comments

Extras

Top Quizzes Today


Score Distribution

Your Account Isn't Verified!

In order to create a playlist on Sporcle, you need to verify the email address you used during registration. Go to your Sporcle Settings to finish the process.

Report this User

Report this user for behavior that violates our Community Guidelines.

Details: